000 00942nam a2200325 a 4500
001
003 DO-SdBNP
005 20180215154109.0
008 890810s1996 xx j 000 1 eng
010 _a
020 _a1570821909
040 _aBPMSU
_cspa
_dBPMSU
042 _a
050 0 0 _a
_b
082 0 0 _a
_2
110 _aWalt Disney Company.
245 0 0 _aDumbo /
_cHelen Aberson and Harold Perl
260 _aUnited States of America :
_bRollabooks,
_b
_c1996
300 _a95 p. :
_bils ;
_c33 cm.
520 _aA little elephant uses his enormous ears to become the star of the circus.
650 1 _aElephants
_xFiction.
650 1 _aCircus
_xFiction.
700 _aAberson, Helen
700 _aPerl, Harold
710 2 _aWalt Disney Company.
730 0 _aWonderful world of Disney (Television program)
942 _2ddc
_cBK
956 _aVMATEO
_b10
_c20170114
_dBPMSU
_f0069
999 _c12448
_d12448